000 00371 a2200109 4500
001 ART_6364
005 20260410161619.0
008 260409a
245 1 0 _aLa función del síndico concursal en las acciones de recomposición patrimonial y extensión de quiebra
100 1 _aRodríguez, Raquel E.
773 0 _tEnfoques
_g- Nº 1 (ene. 2009)
_wREV416
999 _c11395
_d11395